000 00521nam a2200193Ia 4500
005 20250508161733.0
008 008 250505s9999 xx 000 0 eng d
020 _a0-08-033408-3
037 _aReference
040 _aFEDL
_beng
_cFEDL
041 _aeng
_2eng
084 _a158, FEN
_qFEDL
100 _aFenton Norman
245 0 _aMental hygiene in school practice
260 _aStanford
_bStanford University Press
_c1951
300 _a455p.
942 _cREF
_h158, FEN
999 _c1371804
_d1371804